header

Using NVivo in qualitative research (Record no. 56115)

MARC details
000 -LEADER
fixed length control field 01224nam a2200337Ia 4500
082 04 - DEWEY DECIMAL CLASSIFICATION NUMBER
Classification number 300/.7/2
100 1# - MAIN ENTRY--AUTHOR NAME
Personal name Richards, Lyn.
245 10 - TITLE STATEMENT
Title Using NVivo in qualitative research
260 ## - PUBLICATION, DISTRIBUTION, ETC. (IMPRINT)
Place of publication London ;
-- Thousand Oaks :
Name of publisher Sage Publications,
Year of publication 1999.
300 ## - PHYSICAL DESCRIPTION
Number of Pages ix, 218 p. :
Other physical details ill.
500 ## - GENERAL NOTE
General note Includes index.
650 #0 - SUBJECT ADDED ENTRY--TOPICAL TERM
Topical Term Qualitative research.
Topical Term Social sciences
Topical Term Social sciences
856 40 - ELECTRONIC LOCATION AND ACCESS
Uniform Resource Identifier http://site.ebrary.com/lib/rucke/Doc?id=10326865

No items available.

© 2026 Rongo University
Contact us: librarian | system librarian | Rongo university